Normal view
MARC view
- Bano, Shaher
Entry Personal Name
001 - CONTROL NUMBER
- control field: 129364
003 - CONTROL NUMBER IDENTIFIER
- control field: NUST
005 - DATE AND TIME OF LATEST TRANSACTION
- control field: 20250702130613.0
008 - FIXED-LENGTH DATA ELEMENTS
- fixed length control field: 250702|| aca||aabn | a|a d
040 ## - CATALOGING SOURCE
- Original cataloging agency: NUST
- Transcribing agency: NUST
100 ## - HEADING--PERSONAL NAME
- Personal name: Bano, Shaher
670 ## - SOURCE DATA FOUND
- Source citation: Work cat.: (NUST): Bano, Shaher, Active Analysis of Encrypted Traffic Flows for Application Fingerprinting/
